| 000 | 00948nam a22002897a 4500 | ||
|---|---|---|---|
| 003 | DO-SdBNP | ||
| 005 | 20240305073651.0 | ||
| 007 | ta | ||
| 008 | 211103b2005 a|||| |||| 00| 0 spa d | ||
| 020 | _a9945110446 | ||
| 040 |
_aDO-SdBNP _bspa _cBNPHU |
||
| 082 | 4 |
_222 _a372.4 _bR426l |
|
| 110 |
_aRepública Dominicana. Secretaría de Estado de Educación _9607 |
||
| 245 | 1 | 0 |
_aLengua y Literatura 3 : _beducación media ; 1re. grado ; segundo ciclo / _cSecretaría de Estado de Educación |
| 260 |
_aSanto Domingo : _bSantillana, _c2005. |
||
| 300 |
_a279 p. : _bil.; fot. _c27 cm |
||
| 490 | _aAmbar | ||
| 500 | _aLibro de texto. | ||
| 500 | _aGestión educativa 2004-2008. | ||
| 590 | _aInventariado, 2021 / SA | ||
| 650 | 4 | 0 |
_943315 _aLengua y literatura |
| 650 | 4 | 0 |
_95023 _aLiteratura _xEnseñanza |
| 700 | 1 |
_aOsorio Meza, María José _980475 |
|
| 700 | 1 |
_aGarcía Cartagena, Manuel _912067 |
|
| 910 | _aSaquino | ||
| 942 |
_2ddc _cLBS1 |
||
| 999 |
_c50867 _d50867 |
||